000 00527nam a2200181Ia 4500
003 GCL
008 140319s9999 xx 000 0 ara d
040 _aGCL /
_cGCL
082 0 4 _a273.423
_bي ا
100 1 _aيوسف رياض
245 1 0 _aالايمان /
_cيوسف رياض
260 _aالقاهرة :
_bكنيسة الاخوة ،
_c2002
300 _a171 ص ؛
_c18 سم
490 _aالمراعى الخضراء
_v0
650 0 4 _aالاخلاق المسيحية
650 0 4 _aالمسيحية
942 _2ddc
_cBK
999 _c3726
_d3726